000 00364nam a2200145Ia 4500
008 191201s2008 xx 000 0 und d
082 _a621.38216
_bPRF
100 _aPARSAD, P
245 0 _aFunctional Aspects of Communications Skills
250 _aRev. 4th
260 _aN.Delhi
_bS K Kataria and Sons
_c2008
300 _a318
650 _aMCA
942 _2ddc
_cBK
999 _c3795
_d3795